| 000 | 00911cam a2200205 4500 | ||
|---|---|---|---|
| 001 | WB3726-27 | ||
| 008 | 000000n2001 000 0 eng u | ||
| 035 | _a(Sirsi) u113508 | ||
| 245 | _aEnd of line for the family farm? | ||
| 260 | _c2001 | ||
| 490 |
_aICAEW Press Release _v 5 July 2001, (3) |
||
| 520 | _aSurvey by the farming group of the Institute of Chartered Accountants shows that 40% of farms have no firm succession plans in place. Problems include falling profits and the foot and mouth outbreak. More than a third of farms in the survey have been directly affected by the epidemic with 40% believing its effects would be either devastating or bad. Survey can be seen at http://www.icaew.co.uk | ||
| 590 | _aWB | ||
| 650 | _aFARMING INDUSTRY | ||
| 650 | _aFOOT-AND-MOUTH DISEASE | ||
| 650 | _aFARM BUSINESSES | ||
| 650 | _aFUTURE | ||
| 690 | _aRURAL-AGRICULTURE AND FORESTRY | ||
| 942 | _n0 | ||
| 999 |
_c67616 _d67616 |
||